Commercial demand hits four-year low (Record no. 70495)
[ view plain ]
| 000 -LEADER | |
|---|---|
| fixed length control field | 00995cam a2200217 4500 |
| 001 - CONTROL NUMBER | |
| control field | WB3822-03 |
| 008 - FIXED-LENGTH DATA ELEMENTS--GENERAL INFORMATION | |
| fixed length control field | 020618n2002 000 0 eng u |
| 035 ## - SYSTEM CONTROL NUMBER | |
| System control number | (Sirsi) u118436 |
| 245 ## - TITLE STATEMENT | |
| Title | Commercial demand hits four-year low |
| 260 ## - PUBLICATION, DISTRIBUTION, ETC. | |
| Date of publication, distribution, etc. | 2002 |
| 490 ## - SERIES STATEMENT | |
| Series statement | RICS News Service |
| Volume/sequential designation | 18 June 2002, (1) |
| 520 ## - SUMMARY, ETC. | |
| Summary, etc. | The latest edition of GVA Grimley's Survey of Property Trends indicates that demand for commercial property has fallen to it's lowest level since 1998. Despite this, the economic outlook remains fairly optimistic. For RICS News Release: http://www.rics.org/ricscms/bin/show?class=News&template=/includes/shownews.html&id=2836To view full report: http://www.gvagrimley.co.uk/downloads/CBISurveyofPropertyTrends2002.pdf. |
| 590 ## - LOCAL NOTE (RLIN) | |
| Local note | WB |
| 650 ## - SUBJECT ADDED ENTRY--TOPICAL TERM | |
| Topical term or geographic name entry element | PROPERTY-COMMERCIAL PROPERTY-COMMERCIAL PROPERTY MARKET |
| 650 ## - SUBJECT ADDED ENTRY--TOPICAL TERM | |
| Topical term or geographic name entry element | PROPERTY DEMAND |
| 650 ## - SUBJECT ADDED ENTRY--TOPICAL TERM | |
| Topical term or geographic name entry element | CBI / GRIMLEY SURVEY |
| 650 ## - SUBJECT ADDED ENTRY--TOPICAL TERM | |
| Topical term or geographic name entry element | GVA GRIMLEY |
| 650 ## - SUBJECT ADDED ENTRY--TOPICAL TERM | |
| Topical term or geographic name entry element | CBI |
| 690 ## - LOCAL SUBJECT ADDED ENTRY--TOPICAL TERM (OCLC, RLIN) | |
| Topical term or geographic name as entry element | PROPERTY-COMMERCIAL PROPERTY |
| 942 ## - ADDED ENTRY ELEMENTS (KOHA) | |
| Suppress in OPAC | 0 |
| Withdrawn status | Lost status | Source of classification or shelving scheme | Damaged status | Not for loan | Home library | Current library | Shelving location | Date acquired | Total Checkouts | Full call number | Barcode | Date last seen | Copy number | Price effective from | Koha item type |
|---|---|---|---|---|---|---|---|---|---|---|---|---|---|---|---|
| Dewey Decimal Classification | London | London | News article | 18/06/2002 | WB3822-03 | 118436-1001 | 06/08/2019 | 1 | 06/08/2019 | News article |